Enciclopedia de ginecología / (Record no. 153635)
[ view plain ]
| 000 -LEADER | |
|---|---|
| campo de control de longitud fija | 01245nam a2200241 i 4500 |
| 001 - NÚMERO DE CONTROL | |
| campo de control | 153635 |
| 003 - IDENTIFICADOR DE NÚMERO DE CONTROL | |
| campo de control | ES-MaACL |
| 005 - FECHA Y HORA DE LA ÚLTIMA TRANSACCIÓN | |
| campo de control | 20251012205305.0 |
| 008 - DATOS DE LONGITUD FIJA--INFORMACIÓN GENERAL | |
| campo de control de longitud fija | 021213q18971902sp a |||| | spa d |
| 040 ## - FUENTE DE CATALOGACIÓN | |
| Centro catalogador/agencia de origen | CCPB | B |
| Lengua de catalogación | spa |
| Centro/agencia transcriptor | CCPB | B |
| 245 00 - MENCIÓN DEL TÍTULO | |
| Título | Enciclopedia de ginecología / |
| Mención de responsabilidad, etc. | publicada bajo la dirección de J. Veit ; versión castellana de Isidoro de Miguel ... [et al.] ; precedido de un prólogo escrito pot Eugenio Gutiérrez. |
| 260 ## - PUBLICACIÓN, DISTRIBUCIÓN, ETC. | |
| Lugar de publicación, distribución, etc. | Madrid : |
| Nombre del editor, distribuidor, etc. | Administración de la Revista de Medicina y Cirugía Prácticas, |
| Fecha de publicación, distribución, etc. | [s.a.] ( |
| Fabricante | imprenta y librería de Nicolás Moya) |
| 300 ## - DESCRIPCIÓN FÍSICA | |
| Extensión | 4 v. (XVI, 636 ; 874 ; 750 ; 859 p.) : |
| Otras características físicas | il. ; |
| Dimensiones | 25 cm. |
| 490 1# - MENCIÓN DE SERIE | |
| Mención de serie | Biblioteca de la Revista de Medicina y Cirugía Prácticas |
| 596 ## - NOTA AL PIE DE IMPRENTA | |
| NOTA AL PIE DE IMPRENTA | Los 4 v. carecen de fecha en pie de imp., la 1ª ed. alemana de la obra es de 1897, en colofón del t. IV consta 1902 como fecha de finalización de la impresión. |
| 650 04 - PUNTO DE ACCESO ADICIONAL DE MATERIA--TÉRMINO DE MATERIA | |
| Término de materia o nombre geográfico como elemento de entrada | Ginecología. |
| 9 (RLIN) | 13119 |
| 700 1# - ENTRADA AGREGADA--NOMBRE PERSONAL | |
| Nombre de persona | Gutiérrez, Eugenio, |
| Fechas asociadas al nombre | 1851-1914 |
| 9 (RLIN) | 127664 |
| 700 0# - ENTRADA AGREGADA--NOMBRE PERSONAL | |
| Nombre de persona | Miguel y Viguri, Isidoro de. |
| 9 (RLIN) | 81043 |
| 700 1# - ENTRADA AGREGADA--NOMBRE PERSONAL | |
| Nombre de persona | Veit, Johann ( |
| Fechas asociadas al nombre | 1852-1917) |
| 9 (RLIN) | 133587 |
| 830 0# - PUNTO DE ACCESO ADICIONAL DE SERIE-TÍTULO UNIFORME | |
| Título uniforme | Biblioteca de la Revista de Medicina y Cirugía Prácticas |
| 9 (RLIN) | 182368 |
| 852 ## - LOCALIZACIÓN | |
| Ubicación | ES-MaACL |
| Número de control de estantería | B-10984-87 |
| Estatus retirado | Estado de pérdida | Estado de daño | No para préstamo | Colección | Biblioteca de origen | Biblioteca actual | Ubicación en estantería | Fecha de adquisición | Total de préstamos | Signatura topográfica completa | Código de barras | Visto por última vez | Precio de reemplazo | Tipo de ítem Koha |
|---|---|---|---|---|---|---|---|---|---|---|---|---|---|---|
| Colección de referencia | Biblioteca del Ateneo de Madrid | Biblioteca del Ateneo de Madrid | Sala Pardo Bazán | 17/01/2008 | B-10984-87 | 1160609 | 23/02/2023 | 23/02/2023 | Libro impreso |
